Wunderhose - Teal Lyrics - Statistics

General Stats
  • This quiz has been taken 35 times
  • The average score is 243 of 328
Answer Stats
Answer % Correct
a
100%
A
100%
I
100%
"I
100%
you
100%
you"
100%
black
95%
dress
95%
it
95%
It
95%
it?
95%
it,
95%
me
95%
met
95%
party
95%
remember
95%
so
95%
somebody's
95%
that
95%
the
95%
time
95%
to
95%
was
95%
we
95%
wearing
95%
were
95%
when
95%
always
90%
did
90%
shadows
90%
all
86%
And
86%
and
86%
go
86%
I'll
86%
what
86%
What
86%
be
81%
clinging
81%
dream
81%
fifteen
81%
in
81%
is
81%
know
81%
nothing
81%
of
81%
didn't
76%
do
76%
for,
76%
for
76%
man,
76%
mean?
76%
mean
76%
real
76%
then,
76%
then?
76%
together,
76%
dancer,
71%
don't
71%
if
71%
just
71%
my
71%
Sorry
71%
sorry
71%
sorry,
71%
they
71%
this
71%
with
71%
your
71%
broken,
67%
give
67%
got
67%
I'm
67%
it's
67%
Katie?
67%
kid
67%
live
67%
much
67%
said
67%
she
67%
slept
67%
think
67%
would
67%
baby
62%
can't
62%
could
62%
couple
62%
fixed
62%
her?
62%
her
62%
how
62%
kidneys,
62%
killed
62%
less
62%
still
62%
tears
62%
apologise
57%
babe,
57%
basement,
57%
chameleon-esque
57%
doctors
57%
friend
57%
get
57%
grave,
57%
happen
57%
Hope
57%
hope
57%
human,
57%
junkie
57%
more
57%
say
57%
seen
57%
something
57%
them
57%
using,
57%
years
57%
you'd
57%
been
52%
care
52%
friends,
52%
I've
52%
"Jacob
52%
kills
52%
leave
52%
loved
52%
need
52%
One
52%
that's
52%
up
52%
called
48%
felt
48%
Now
48%
shoes,
48%
yeah
48%
you're
48%
at
43%
blade
43%
cause
43%
every
43%
gave
43%
gift
43%
jumping
43%
over,
43%
wrist
43%
but
38%
gotta
38%
hadn't
38%
heart
38%
dark
33%
worried
33%
beautiful
29%
candle,
29%
conquered
29%
depth
29%
light
29%
eyes
24%
mind
24%
there
24%
world
24%
You've
24%
danced
19%
fire,
14%
truly
14%
No matching quizzes found
Score Distribution
Percent of People with Each Score
Percentile by Number Answered
Your Score History
You have not taken this quiz